| 000 | 00645cam a2200229ua 4500 | ||
|---|---|---|---|
| 001 | 9344 | ||
| 008 | 150731n ii |||gr||||Z||||||asm | ||
| 020 | _a8173391777 | ||
| 040 | _cMAIN | ||
| 041 | _aasm | ||
| 082 | _a891.451 | ||
| 245 | 1 | 3 |
_aPrasanga : _basamiya sahitya aru sanskriti / _ced. by Pallavi Deka Buzarbaruah . |
| 250 | _a1st ed. | ||
| 260 |
_aDibrugarh: _bBanalata, _c2011. |
||
| 300 | _a228p. | ||
| 653 | _aEast Indo-European & Celtic literatures | ||
| 653 | _aAssamese literature | ||
| 653 | _aAssamese culture | ||
| 700 | 1 |
_aBuzarbaruah, Pallavi Deka, _eEditor. |
|
| 700 |
_aHazarika, Jyotirekha, _eEditor. |
||
| 942 | _cBK | ||
| 999 |
_c8404 _d8404 |
||